<?xml version="1.0" encoding="UTF-8"?>
<record
    xmlns:xsi="http://www.w3.org/2001/XMLSchema-instance"
    xsi:schemaLocation="http://www.loc.gov/MARC21/slim http://www.loc.gov/standards/marcxml/schema/MARC21slim.xsd"
    xmlns="http://www.loc.gov/MARC21/slim">

  <leader>01932cam a2200505 a 4500</leader>
  <datafield tag="999" ind1=" " ind2=" ">
    <subfield code="c">3105</subfield>
    <subfield code="d">3105</subfield>
  </datafield>
  <controlfield tag="001">3121187</controlfield>
  <controlfield tag="003">OSt</controlfield>
  <controlfield tag="005">20220328075157.0</controlfield>
  <controlfield tag="008">920106s1992    paua          001 0 eng  </controlfield>
  <datafield tag="010" ind1=" " ind2=" ">
    <subfield code="a">   91048374 </subfield>
  </datafield>
  <datafield tag="016" ind1="7" ind2=" ">
    <subfield code="a">9200772</subfield>
    <subfield code="2">DNLM</subfield>
  </datafield>
  <datafield tag="020" ind1=" " ind2=" ">
    <subfield code="a">9780397511464</subfield>
  </datafield>
  <datafield tag="020" ind1=" " ind2=" ">
    <subfield code="a">0397511469</subfield>
  </datafield>
  <datafield tag="020" ind1=" " ind2=" ">
    <subfield code="z">0397522469</subfield>
  </datafield>
  <datafield tag="035" ind1=" " ind2=" ">
    <subfield code="a">(OCoLC)25131169</subfield>
    <subfield code="z">(OCoLC)25096654</subfield>
    <subfield code="z">(OCoLC)26854268</subfield>
  </datafield>
  <datafield tag="035" ind1=" " ind2=" ">
    <subfield code="a">ucoclc25131169</subfield>
  </datafield>
  <datafield tag="035" ind1=" " ind2=" ">
    <subfield code="a">3121187</subfield>
  </datafield>
  <datafield tag="040" ind1=" " ind2=" ">
    <subfield code="a">NLM</subfield>
    <subfield code="b">eng</subfield>
    <subfield code="c">NLM</subfield>
    <subfield code="d">DLC</subfield>
    <subfield code="d">CGC</subfield>
    <subfield code="d">OCLCF</subfield>
    <subfield code="d">OCLCQ</subfield>
    <subfield code="d">OCLCO</subfield>
    <subfield code="d">OCLCQ</subfield>
    <subfield code="d">OCL</subfield>
    <subfield code="d">OCLCO</subfield>
    <subfield code="d">OCLCA</subfield>
    <subfield code="d">NLM</subfield>
    <subfield code="d">OCLCO</subfield>
    <subfield code="d">OCLCA</subfield>
  </datafield>
  <datafield tag="050" ind1="1" ind2="0">
    <subfield code="a">RD598</subfield>
    <subfield code="b">.S78 1992</subfield>
  </datafield>
  <datafield tag="060" ind1="0" ind2="0">
    <subfield code="a">WG 17</subfield>
    <subfield code="b">S881wb 1992</subfield>
  </datafield>
  <datafield tag="082" ind1="0" ind2="0">
    <subfield code="a">617.4/13</subfield>
    <subfield code="2">20</subfield>
  </datafield>
  <datafield tag="100" ind1="1" ind2=" ">
    <subfield code="a">Stoney, Ronald J.,</subfield>
    <subfield code="d">1934-</subfield>
  </datafield>
  <datafield tag="245" ind1="1" ind2="0">
    <subfield code="a">Wylie's atlas of vascular surgery. Basic considerations and techniques /</subfield>
    <subfield code="c">Ronald J. Stoney, David J. Effeney ; [illustrations by Ted Bloodhart].</subfield>
  </datafield>
  <datafield tag="246" ind1="3" ind2=" ">
    <subfield code="a">Atlas of vascular surgery</subfield>
  </datafield>
  <datafield tag="260" ind1=" " ind2=" ">
    <subfield code="a">Philadelphia :</subfield>
    <subfield code="b">Lippincott,</subfield>
    <subfield code="c">&#xFFFD;1992.</subfield>
  </datafield>
  <datafield tag="300" ind1=" " ind2=" ">
    <subfield code="a">xv, 175 pages :</subfield>
    <subfield code="b">illustrations, portrait</subfield>
  </datafield>
  <datafield tag="336" ind1=" " ind2=" ">
    <subfield code="a">text</subfield>
    <subfield code="b">txt</subfield>
    <subfield code="2">rdacontent</subfield>
  </datafield>
  <datafield tag="337" ind1=" " ind2=" ">
    <subfield code="a">unmediated</subfield>
    <subfield code="b">n</subfield>
    <subfield code="2">rdamedia</subfield>
  </datafield>
  <datafield tag="338" ind1=" " ind2=" ">
    <subfield code="a">volume</subfield>
    <subfield code="b">nc</subfield>
    <subfield code="2">rdacarrier</subfield>
  </datafield>
  <datafield tag="500" ind1=" " ind2=" ">
    <subfield code="a">Includes index.</subfield>
  </datafield>
  <datafield tag="650" ind1=" " ind2="0">
    <subfield code="a">Blood-vessels</subfield>
    <subfield code="x">Surgery</subfield>
    <subfield code="v">Atlases.</subfield>
  </datafield>
  <datafield tag="650" ind1=" " ind2="0">
    <subfield code="a">Blood-vessels</subfield>
    <subfield code="x">Diseases</subfield>
    <subfield code="x">Diagnosis</subfield>
    <subfield code="v">Atlases.</subfield>
  </datafield>
  <datafield tag="650" ind1=" " ind2="2">
    <subfield code="a">Vascular Surgical Procedures</subfield>
    <subfield code="x">methods.</subfield>
  </datafield>
  <datafield tag="650" ind1=" " ind2="7">
    <subfield code="a">Blood-vessels</subfield>
    <subfield code="x">Diseases</subfield>
    <subfield code="x">Diagnosis.</subfield>
    <subfield code="2">fast</subfield>
    <subfield code="0">(OCoLC)fst00834844</subfield>
  </datafield>
  <datafield tag="650" ind1=" " ind2="7">
    <subfield code="a">Blood-vessels</subfield>
    <subfield code="x">Surgery.</subfield>
    <subfield code="2">fast</subfield>
    <subfield code="0">(OCoLC)fst00834862</subfield>
  </datafield>
  <datafield tag="655" ind1=" " ind2="2">
    <subfield code="a">Atlas.</subfield>
  </datafield>
  <datafield tag="655" ind1=" " ind2="7">
    <subfield code="a">Scientific atlases.</subfield>
    <subfield code="2">fast</subfield>
    <subfield code="0">(OCoLC)fst01941304</subfield>
  </datafield>
  <datafield tag="700" ind1="1" ind2=" ">
    <subfield code="a">Wylie, Edwin J.,</subfield>
    <subfield code="d">1918-1982.</subfield>
  </datafield>
  <datafield tag="700" ind1="1" ind2=" ">
    <subfield code="a">Effeney, David J.</subfield>
  </datafield>
  <datafield tag="776" ind1="0" ind2="8">
    <subfield code="i">Online version:</subfield>
    <subfield code="a">Stoney, Ronald J., 1934-</subfield>
    <subfield code="t">Wylie's atlas of vascular surgery. Basic considerations and techniques.</subfield>
    <subfield code="d">Philadelphia : Lippincott, &#xFFFD;1992</subfield>
    <subfield code="w">(OCoLC)645814741</subfield>
  </datafield>
  <datafield tag="910" ind1=" " ind2=" ">
    <subfield code="a">UclaCollMgr MonosBKS19911994 20210428</subfield>
  </datafield>
  <datafield tag="910" ind1=" " ind2=" ">
    <subfield code="a">pdb 930609</subfield>
  </datafield>
  <datafield tag="910" ind1=" " ind2=" ">
    <subfield code="a">MARS</subfield>
  </datafield>
  <datafield tag="942" ind1=" " ind2=" ">
    <subfield code="2">lcc</subfield>
    <subfield code="c">REF</subfield>
    <subfield code="n">DO</subfield>
  </datafield>
  <datafield tag="952" ind1=" " ind2=" ">
    <subfield code="0">0</subfield>
    <subfield code="1">0</subfield>
    <subfield code="2">lcc</subfield>
    <subfield code="4">0</subfield>
    <subfield code="7">0</subfield>
    <subfield code="a">MLIB</subfield>
    <subfield code="b">MLIB</subfield>
    <subfield code="c">REF</subfield>
    <subfield code="d">2021-08-17</subfield>
    <subfield code="e">DONATION FROM MOI UNIVERSITY</subfield>
    <subfield code="l">0</subfield>
    <subfield code="o">RD598 .S78 1992 C4</subfield>
    <subfield code="p">28004213</subfield>
    <subfield code="r">2021-08-17</subfield>
    <subfield code="t">4</subfield>
    <subfield code="w">2021-08-17</subfield>
    <subfield code="y">REF</subfield>
    <subfield code="z">DO</subfield>
  </datafield>
  <datafield tag="952" ind1=" " ind2=" ">
    <subfield code="0">0</subfield>
    <subfield code="1">0</subfield>
    <subfield code="2">lcc</subfield>
    <subfield code="4">0</subfield>
    <subfield code="7">0</subfield>
    <subfield code="a">MLIB</subfield>
    <subfield code="b">MLIB</subfield>
    <subfield code="c">REF</subfield>
    <subfield code="d">2021-08-17</subfield>
    <subfield code="e">DONATION FROM MOI UNIVERSITY</subfield>
    <subfield code="l">0</subfield>
    <subfield code="o">RD598 .S78 1992 C5</subfield>
    <subfield code="p">28004214</subfield>
    <subfield code="r">2021-08-17</subfield>
    <subfield code="t">5</subfield>
    <subfield code="w">2021-08-17</subfield>
    <subfield code="y">REF</subfield>
    <subfield code="z">DO</subfield>
  </datafield>
  <datafield tag="952" ind1=" " ind2=" ">
    <subfield code="0">0</subfield>
    <subfield code="1">0</subfield>
    <subfield code="2">lcc</subfield>
    <subfield code="4">0</subfield>
    <subfield code="7">0</subfield>
    <subfield code="a">MLIB</subfield>
    <subfield code="b">MLIB</subfield>
    <subfield code="c">OS</subfield>
    <subfield code="d">2021-08-17</subfield>
    <subfield code="e">DONATION FROM MOI UNIVERSITY</subfield>
    <subfield code="l">0</subfield>
    <subfield code="o">RD598 .S78 1992 C6</subfield>
    <subfield code="p">28004215</subfield>
    <subfield code="r">2021-08-17</subfield>
    <subfield code="t">6</subfield>
    <subfield code="w">2021-08-17</subfield>
    <subfield code="y">REF</subfield>
    <subfield code="z">DO</subfield>
  </datafield>
  <datafield tag="952" ind1=" " ind2=" ">
    <subfield code="0">0</subfield>
    <subfield code="1">0</subfield>
    <subfield code="2">lcc</subfield>
    <subfield code="4">0</subfield>
    <subfield code="7">0</subfield>
    <subfield code="a">MLIB</subfield>
    <subfield code="b">MLIB</subfield>
    <subfield code="c">REF</subfield>
    <subfield code="d">2021-08-17</subfield>
    <subfield code="e">DONATION FROM MOI UNIVERSITY</subfield>
    <subfield code="l">0</subfield>
    <subfield code="o">RD598 .S78 1992 C7</subfield>
    <subfield code="p">28004217</subfield>
    <subfield code="r">2021-08-17</subfield>
    <subfield code="t">7</subfield>
    <subfield code="w">2021-08-17</subfield>
    <subfield code="y">REF</subfield>
    <subfield code="z">DO</subfield>
  </datafield>
  <datafield tag="952" ind1=" " ind2=" ">
    <subfield code="0">0</subfield>
    <subfield code="1">0</subfield>
    <subfield code="2">lcc</subfield>
    <subfield code="4">0</subfield>
    <subfield code="7">0</subfield>
    <subfield code="a">MLIB</subfield>
    <subfield code="b">MLIB</subfield>
    <subfield code="c">OS</subfield>
    <subfield code="d">2021-08-17</subfield>
    <subfield code="e">DONATION FROM MOI UNIVERSITY</subfield>
    <subfield code="l">0</subfield>
    <subfield code="o">RD598 .S78 1992 C8</subfield>
    <subfield code="p">28004218</subfield>
    <subfield code="r">2021-08-17</subfield>
    <subfield code="t">8</subfield>
    <subfield code="w">2021-08-17</subfield>
    <subfield code="y">REF</subfield>
    <subfield code="z">DO</subfield>
  </datafield>
  <datafield tag="952" ind1=" " ind2=" ">
    <subfield code="0">0</subfield>
    <subfield code="1">0</subfield>
    <subfield code="2">lcc</subfield>
    <subfield code="4">0</subfield>
    <subfield code="7">0</subfield>
    <subfield code="a">MLIB</subfield>
    <subfield code="b">MLIB</subfield>
    <subfield code="c">OS</subfield>
    <subfield code="d">2021-08-17</subfield>
    <subfield code="e">DONATION FROM MOI UNIVERSITY</subfield>
    <subfield code="l">0</subfield>
    <subfield code="o">RD598 .S78 1992 C9</subfield>
    <subfield code="p">28004219</subfield>
    <subfield code="r">2021-08-17</subfield>
    <subfield code="t">9</subfield>
    <subfield code="w">2021-08-17</subfield>
    <subfield code="y">REF</subfield>
    <subfield code="z">DO</subfield>
  </datafield>
  <datafield tag="952" ind1=" " ind2=" ">
    <subfield code="0">0</subfield>
    <subfield code="1">0</subfield>
    <subfield code="2">lcc</subfield>
    <subfield code="4">0</subfield>
    <subfield code="7">0</subfield>
    <subfield code="a">MLIB</subfield>
    <subfield code="b">MLIB</subfield>
    <subfield code="c">OS</subfield>
    <subfield code="d">2021-08-17</subfield>
    <subfield code="e">DONATION FROM MOI UNIVERSITY</subfield>
    <subfield code="l">0</subfield>
    <subfield code="o">RD598 .S78 1992 C10</subfield>
    <subfield code="p">28004220</subfield>
    <subfield code="r">2021-08-17</subfield>
    <subfield code="t">10</subfield>
    <subfield code="w">2021-08-17</subfield>
    <subfield code="y">REF</subfield>
    <subfield code="z">DO</subfield>
  </datafield>
  <datafield tag="952" ind1=" " ind2=" ">
    <subfield code="0">0</subfield>
    <subfield code="1">0</subfield>
    <subfield code="2">lcc</subfield>
    <subfield code="4">0</subfield>
    <subfield code="7">0</subfield>
    <subfield code="a">MLIB</subfield>
    <subfield code="b">MLIB</subfield>
    <subfield code="c">OS</subfield>
    <subfield code="d">2021-08-17</subfield>
    <subfield code="e">DONATION FROM MOI UNIVERSITY</subfield>
    <subfield code="l">0</subfield>
    <subfield code="o">RD598 .S78 1992 C11</subfield>
    <subfield code="p">28004221</subfield>
    <subfield code="r">2021-08-17</subfield>
    <subfield code="t">11</subfield>
    <subfield code="w">2021-08-17</subfield>
    <subfield code="y">REF</subfield>
    <subfield code="z">DO</subfield>
  </datafield>
  <datafield tag="952" ind1=" " ind2=" ">
    <subfield code="0">0</subfield>
    <subfield code="1">0</subfield>
    <subfield code="2">lcc</subfield>
    <subfield code="4">0</subfield>
    <subfield code="7">0</subfield>
    <subfield code="a">MLIB</subfield>
    <subfield code="b">MLIB</subfield>
    <subfield code="c">OS</subfield>
    <subfield code="d">2021-09-03</subfield>
    <subfield code="e">DONATION FROM MOI UNIVERSITY</subfield>
    <subfield code="l">0</subfield>
    <subfield code="o">RD598 .S78 1992 C12</subfield>
    <subfield code="p">28004231</subfield>
    <subfield code="r">2021-09-03</subfield>
    <subfield code="t">12</subfield>
    <subfield code="w">2021-09-03</subfield>
    <subfield code="y">REF</subfield>
    <subfield code="z">PW</subfield>
  </datafield>
  <datafield tag="952" ind1=" " ind2=" ">
    <subfield code="0">0</subfield>
    <subfield code="1">0</subfield>
    <subfield code="2">lcc</subfield>
    <subfield code="4">0</subfield>
    <subfield code="7">0</subfield>
    <subfield code="a">MLIB</subfield>
    <subfield code="b">MLIB</subfield>
    <subfield code="c">OS</subfield>
    <subfield code="d">2021-09-03</subfield>
    <subfield code="e">DONATION FROM MOI UNIVERSITY</subfield>
    <subfield code="l">0</subfield>
    <subfield code="o">RD598 .S78 1992 C13</subfield>
    <subfield code="p">28004232</subfield>
    <subfield code="r">2021-09-03</subfield>
    <subfield code="t">13</subfield>
    <subfield code="w">2021-09-03</subfield>
    <subfield code="y">REF</subfield>
    <subfield code="z">PW</subfield>
  </datafield>
  <datafield tag="952" ind1=" " ind2=" ">
    <subfield code="0">0</subfield>
    <subfield code="1">0</subfield>
    <subfield code="2">lcc</subfield>
    <subfield code="4">0</subfield>
    <subfield code="7">0</subfield>
    <subfield code="a">MLIB</subfield>
    <subfield code="b">MLIB</subfield>
    <subfield code="c">REF</subfield>
    <subfield code="d">2021-09-03</subfield>
    <subfield code="e">DONATION FROM MOI UNIVERSITY</subfield>
    <subfield code="l">0</subfield>
    <subfield code="o">RD598 .S78 1992 C14</subfield>
    <subfield code="p">28004233</subfield>
    <subfield code="r">2021-09-03</subfield>
    <subfield code="t">14</subfield>
    <subfield code="w">2021-09-03</subfield>
    <subfield code="y">REF</subfield>
    <subfield code="z">PW</subfield>
  </datafield>
  <datafield tag="952" ind1=" " ind2=" ">
    <subfield code="0">0</subfield>
    <subfield code="1">0</subfield>
    <subfield code="2">lcc</subfield>
    <subfield code="4">0</subfield>
    <subfield code="7">0</subfield>
    <subfield code="a">MLIB</subfield>
    <subfield code="b">MLIB</subfield>
    <subfield code="c">OS</subfield>
    <subfield code="d">2021-09-03</subfield>
    <subfield code="e">DONATION FROM MOI UNIVERSITY</subfield>
    <subfield code="l">0</subfield>
    <subfield code="o">RD598 .S78 1992 C15</subfield>
    <subfield code="p">28004234</subfield>
    <subfield code="r">2021-09-03</subfield>
    <subfield code="t">15</subfield>
    <subfield code="w">2021-09-03</subfield>
    <subfield code="y">REF</subfield>
    <subfield code="z">PW</subfield>
  </datafield>
  <datafield tag="952" ind1=" " ind2=" ">
    <subfield code="0">0</subfield>
    <subfield code="1">0</subfield>
    <subfield code="2">lcc</subfield>
    <subfield code="4">0</subfield>
    <subfield code="7">0</subfield>
    <subfield code="a">MLIB</subfield>
    <subfield code="b">MLIB</subfield>
    <subfield code="c">OS</subfield>
    <subfield code="d">2022-03-17</subfield>
    <subfield code="e">DONATION FROM MOI UNIVERSITY</subfield>
    <subfield code="l">0</subfield>
    <subfield code="o">RD598 .S78 1992 C16</subfield>
    <subfield code="p">28005890</subfield>
    <subfield code="r">2022-03-17</subfield>
    <subfield code="t">16</subfield>
    <subfield code="w">2022-03-17</subfield>
    <subfield code="y">REF</subfield>
    <subfield code="z">JO</subfield>
  </datafield>
  <datafield tag="952" ind1=" " ind2=" ">
    <subfield code="0">0</subfield>
    <subfield code="1">0</subfield>
    <subfield code="2">lcc</subfield>
    <subfield code="4">0</subfield>
    <subfield code="7">0</subfield>
    <subfield code="a">MLIB</subfield>
    <subfield code="b">MLIB</subfield>
    <subfield code="c">OS</subfield>
    <subfield code="d">2022-03-24</subfield>
    <subfield code="e">DONATION FROM MOI UNIVERSITY</subfield>
    <subfield code="l">0</subfield>
    <subfield code="o">RD598 .S78 1992 c17</subfield>
    <subfield code="p">28006714</subfield>
    <subfield code="r">2022-03-24</subfield>
    <subfield code="t">17</subfield>
    <subfield code="w">2022-03-24</subfield>
    <subfield code="y">REF</subfield>
    <subfield code="z">PW</subfield>
  </datafield>
  <datafield tag="952" ind1=" " ind2=" ">
    <subfield code="0">0</subfield>
    <subfield code="1">0</subfield>
    <subfield code="2">lcc</subfield>
    <subfield code="4">0</subfield>
    <subfield code="7">0</subfield>
    <subfield code="a">MLIB</subfield>
    <subfield code="b">MLIB</subfield>
    <subfield code="c">OS</subfield>
    <subfield code="d">2022-03-24</subfield>
    <subfield code="e">DONATION FROM MOI UNIVERSITY</subfield>
    <subfield code="l">0</subfield>
    <subfield code="o">RD598 .S78 1992 C18</subfield>
    <subfield code="p">28006715</subfield>
    <subfield code="r">2022-03-24</subfield>
    <subfield code="t">18</subfield>
    <subfield code="w">2022-03-24</subfield>
    <subfield code="y">REF</subfield>
    <subfield code="z">PW</subfield>
  </datafield>
  <datafield tag="952" ind1=" " ind2=" ">
    <subfield code="0">0</subfield>
    <subfield code="1">0</subfield>
    <subfield code="2">lcc</subfield>
    <subfield code="4">0</subfield>
    <subfield code="7">0</subfield>
    <subfield code="a">MLIB</subfield>
    <subfield code="b">MLIB</subfield>
    <subfield code="c">REF</subfield>
    <subfield code="d">2022-03-25</subfield>
    <subfield code="e">DONATION FROM MOI UNIVERSITY</subfield>
    <subfield code="l">0</subfield>
    <subfield code="o">RD598 .S78 1992 C19</subfield>
    <subfield code="p">28006615</subfield>
    <subfield code="r">2022-03-25</subfield>
    <subfield code="t">19</subfield>
    <subfield code="w">2022-03-25</subfield>
    <subfield code="y">REF</subfield>
    <subfield code="z">DO</subfield>
  </datafield>
  <datafield tag="952" ind1=" " ind2=" ">
    <subfield code="0">0</subfield>
    <subfield code="1">0</subfield>
    <subfield code="2">lcc</subfield>
    <subfield code="4">0</subfield>
    <subfield code="7">0</subfield>
    <subfield code="a">MLIB</subfield>
    <subfield code="b">MLIB</subfield>
    <subfield code="c">OS</subfield>
    <subfield code="d">2022-03-28</subfield>
    <subfield code="e">DONATION FROM MOI UNIVERSITY</subfield>
    <subfield code="l">0</subfield>
    <subfield code="o">RD598 .S78 1992 C20</subfield>
    <subfield code="p">28006978</subfield>
    <subfield code="r">2022-03-28</subfield>
    <subfield code="t">20</subfield>
    <subfield code="w">2022-03-28</subfield>
    <subfield code="y">REF</subfield>
    <subfield code="z">DO</subfield>
  </datafield>
  <datafield tag="952" ind1=" " ind2=" ">
    <subfield code="0">0</subfield>
    <subfield code="1">0</subfield>
    <subfield code="2">lcc</subfield>
    <subfield code="4">0</subfield>
    <subfield code="7">0</subfield>
    <subfield code="a">MLIB</subfield>
    <subfield code="b">MLIB</subfield>
    <subfield code="c">OS</subfield>
    <subfield code="d">2022-03-28</subfield>
    <subfield code="e">DONATION FROM MOI UNIVERSITY</subfield>
    <subfield code="l">0</subfield>
    <subfield code="o">RD598 .S78 1992 C21</subfield>
    <subfield code="p">28006979</subfield>
    <subfield code="r">2022-03-28</subfield>
    <subfield code="t">21</subfield>
    <subfield code="w">2022-03-28</subfield>
    <subfield code="y">REF</subfield>
    <subfield code="z">DO</subfield>
  </datafield>
  <datafield tag="952" ind1=" " ind2=" ">
    <subfield code="0">0</subfield>
    <subfield code="1">0</subfield>
    <subfield code="2">lcc</subfield>
    <subfield code="4">0</subfield>
    <subfield code="7">0</subfield>
    <subfield code="a">MLIB</subfield>
    <subfield code="b">MLIB</subfield>
    <subfield code="c">OS</subfield>
    <subfield code="d">2022-03-28</subfield>
    <subfield code="e">DONATION FROM MOI UNIVERSITY</subfield>
    <subfield code="l">0</subfield>
    <subfield code="o">RD598 .S78 1992 C22</subfield>
    <subfield code="p">28006980</subfield>
    <subfield code="r">2022-03-28</subfield>
    <subfield code="t">22</subfield>
    <subfield code="w">2022-03-28</subfield>
    <subfield code="y">REF</subfield>
    <subfield code="z">DO</subfield>
  </datafield>
  <datafield tag="952" ind1=" " ind2=" ">
    <subfield code="0">0</subfield>
    <subfield code="1">0</subfield>
    <subfield code="2">lcc</subfield>
    <subfield code="4">0</subfield>
    <subfield code="7">0</subfield>
    <subfield code="a">MLIB</subfield>
    <subfield code="b">MLIB</subfield>
    <subfield code="c">OS</subfield>
    <subfield code="d">2022-03-28</subfield>
    <subfield code="e">DONATION FROM MOI UNIVERSITY</subfield>
    <subfield code="l">0</subfield>
    <subfield code="o">RD598 .S78 1992 C23</subfield>
    <subfield code="p">28006986</subfield>
    <subfield code="r">2022-03-28</subfield>
    <subfield code="t">23</subfield>
    <subfield code="w">2022-03-28</subfield>
    <subfield code="y">REF</subfield>
    <subfield code="z">DO</subfield>
  </datafield>
  <datafield tag="952" ind1=" " ind2=" ">
    <subfield code="0">0</subfield>
    <subfield code="1">0</subfield>
    <subfield code="2">lcc</subfield>
    <subfield code="4">0</subfield>
    <subfield code="7">0</subfield>
    <subfield code="a">MLIB</subfield>
    <subfield code="b">MLIB</subfield>
    <subfield code="c">OS</subfield>
    <subfield code="d">2022-03-28</subfield>
    <subfield code="e">DONATION FROM MOI UNIVERSITY</subfield>
    <subfield code="l">0</subfield>
    <subfield code="o">RD598 .S78 1992 C24</subfield>
    <subfield code="p">28006987</subfield>
    <subfield code="r">2022-03-28</subfield>
    <subfield code="t">24</subfield>
    <subfield code="w">2022-03-28</subfield>
    <subfield code="y">REF</subfield>
    <subfield code="z">DO</subfield>
  </datafield>
  <datafield tag="952" ind1=" " ind2=" ">
    <subfield code="0">0</subfield>
    <subfield code="1">0</subfield>
    <subfield code="2">lcc</subfield>
    <subfield code="4">0</subfield>
    <subfield code="7">0</subfield>
    <subfield code="a">MLIB</subfield>
    <subfield code="b">MLIB</subfield>
    <subfield code="c">OS</subfield>
    <subfield code="d">2022-03-28</subfield>
    <subfield code="e">DONATION FROM MOI UNIVERSITY</subfield>
    <subfield code="l">0</subfield>
    <subfield code="o">RD598 .S78 1992 C25</subfield>
    <subfield code="p">28006905</subfield>
    <subfield code="r">2022-03-28</subfield>
    <subfield code="t">25</subfield>
    <subfield code="w">2022-03-28</subfield>
    <subfield code="y">REF</subfield>
    <subfield code="z">PW</subfield>
  </datafield>
  <datafield tag="952" ind1=" " ind2=" ">
    <subfield code="0">0</subfield>
    <subfield code="1">0</subfield>
    <subfield code="2">lcc</subfield>
    <subfield code="4">0</subfield>
    <subfield code="7">0</subfield>
    <subfield code="a">MLIB</subfield>
    <subfield code="b">MLIB</subfield>
    <subfield code="c">OS</subfield>
    <subfield code="d">2022-03-28</subfield>
    <subfield code="e">DONATION FROM MOI UNIVERSITY</subfield>
    <subfield code="l">0</subfield>
    <subfield code="o">RD598 .S78 1992 C26</subfield>
    <subfield code="p">28006906</subfield>
    <subfield code="r">2022-03-28</subfield>
    <subfield code="t">26</subfield>
    <subfield code="w">2022-03-28</subfield>
    <subfield code="y">REF</subfield>
    <subfield code="z">PW</subfield>
  </datafield>
  <datafield tag="952" ind1=" " ind2=" ">
    <subfield code="0">0</subfield>
    <subfield code="1">0</subfield>
    <subfield code="2">lcc</subfield>
    <subfield code="4">0</subfield>
    <subfield code="7">0</subfield>
    <subfield code="a">MLIB</subfield>
    <subfield code="b">MLIB</subfield>
    <subfield code="c">OS</subfield>
    <subfield code="d">2022-03-28</subfield>
    <subfield code="e">DONATION FROM MOI UNIVERSITY</subfield>
    <subfield code="l">0</subfield>
    <subfield code="o">RD598 .S78 1992 C27</subfield>
    <subfield code="p">28006907</subfield>
    <subfield code="r">2022-03-28</subfield>
    <subfield code="t">27</subfield>
    <subfield code="w">2022-03-28</subfield>
    <subfield code="y">REF</subfield>
    <subfield code="z">PW</subfield>
  </datafield>
  <datafield tag="952" ind1=" " ind2=" ">
    <subfield code="0">0</subfield>
    <subfield code="1">0</subfield>
    <subfield code="2">lcc</subfield>
    <subfield code="4">0</subfield>
    <subfield code="7">0</subfield>
    <subfield code="a">MLIB</subfield>
    <subfield code="b">MLIB</subfield>
    <subfield code="c">REF</subfield>
    <subfield code="d">2022-03-29</subfield>
    <subfield code="e">DONATION FROM MOI UNIVERSITY</subfield>
    <subfield code="l">0</subfield>
    <subfield code="o">RD598 .S78 1992 C28</subfield>
    <subfield code="p">28007189</subfield>
    <subfield code="r">2022-03-29</subfield>
    <subfield code="t">28</subfield>
    <subfield code="w">2022-03-29</subfield>
    <subfield code="y">REF</subfield>
    <subfield code="z">PW</subfield>
  </datafield>
  <datafield tag="952" ind1=" " ind2=" ">
    <subfield code="0">0</subfield>
    <subfield code="1">0</subfield>
    <subfield code="2">lcc</subfield>
    <subfield code="4">0</subfield>
    <subfield code="7">0</subfield>
    <subfield code="a">MLIB</subfield>
    <subfield code="b">MLIB</subfield>
    <subfield code="c">REF</subfield>
    <subfield code="d">2022-03-31</subfield>
    <subfield code="l">0</subfield>
    <subfield code="o">RD598 .S78 1992 C29</subfield>
    <subfield code="p">28007207</subfield>
    <subfield code="r">2022-03-31</subfield>
    <subfield code="t">29</subfield>
    <subfield code="w">2022-03-31</subfield>
    <subfield code="y">REF</subfield>
    <subfield code="z">DO</subfield>
  </datafield>
  <datafield tag="952" ind1=" " ind2=" ">
    <subfield code="0">0</subfield>
    <subfield code="1">0</subfield>
    <subfield code="2">lcc</subfield>
    <subfield code="4">0</subfield>
    <subfield code="7">0</subfield>
    <subfield code="a">MLIB</subfield>
    <subfield code="b">MLIB</subfield>
    <subfield code="c">OS</subfield>
    <subfield code="d">2022-03-31</subfield>
    <subfield code="e">DONATION FROM MOI UNIVERSITY</subfield>
    <subfield code="l">0</subfield>
    <subfield code="o">RD598 .S78 1992 C30</subfield>
    <subfield code="p">28007392</subfield>
    <subfield code="r">2022-03-31</subfield>
    <subfield code="t">30</subfield>
    <subfield code="w">2022-03-31</subfield>
    <subfield code="y">REF</subfield>
    <subfield code="z">JO</subfield>
  </datafield>
  <datafield tag="952" ind1=" " ind2=" ">
    <subfield code="0">0</subfield>
    <subfield code="1">0</subfield>
    <subfield code="2">lcc</subfield>
    <subfield code="4">0</subfield>
    <subfield code="7">0</subfield>
    <subfield code="a">MLIB</subfield>
    <subfield code="b">MLIB</subfield>
    <subfield code="c">OS</subfield>
    <subfield code="d">2022-04-21</subfield>
    <subfield code="e">DONATION FROM MOI UNIVERSITY</subfield>
    <subfield code="l">0</subfield>
    <subfield code="o">RD598 .S78 1992 C31</subfield>
    <subfield code="p">28007861</subfield>
    <subfield code="r">2022-04-07</subfield>
    <subfield code="t">31</subfield>
    <subfield code="w">2022-04-07</subfield>
    <subfield code="y">REF</subfield>
    <subfield code="z">MM</subfield>
  </datafield>
</record>
